Endonyms to Exonyms - Statistics

General Stats
  • This quiz has been taken 87 times
  • The average score is 11 of 15
Answer Stats
Endonym Exonym % Correct
Srbija Serbia
98%
Österreich Austria
96%
Zhōngguó China
93%
Magyarország Hungary
93%
Hrvatska Croatia
84%
Éirinn Ireland
84%
Al-’Imārat Al-‘Arabiyyah Al-Muttaḥidah United Arab Emirates
84%
Kămpŭchéa Cambodia
81%
Shqipëria Albania
70%
Hanguk South Korea
68%
Misr Egypt
64%
Chosŏn North Korea
64%
Hayastán Armenia
61%
Crna Gora Montenegro
53%
Druk Yul Bhutan
49%
No matching quizzes found
Score Distribution
Percent of People with Each Score
Percentile by Number Answered
Your Score History
You have not taken this quiz